La tatarabuela (Record no. 114965)

MARC details
000 -LEADER
campo de control de longitud fija 00807nam a2200241 i 4500
001 - NÚMERO DE CONTROL
campo de control 114965
003 - IDENTIFICADOR DE NÚMERO DE CONTROL
campo de control ES-MaACL
005 - FECHA Y HORA DE LA ÚLTIMA TRANSACCIÓN
campo de control 20230906190309.0
007 - CAMPO FIJO DE DESCRIPCIÓN FÍSICA--INFORMACIÓN GENERAL
campo de control de longitud fija t|
008 - DATOS DE LONGITUD FIJA--INFORMACIÓN GENERAL
campo de control de longitud fija 070214s1928 sp ||||1| spa d
080 ## - NÚMERO DE LA CLASIFICACIÓN DECIMAL UNIVERSAL
Número de la Clasificación Decimal Universal 860-22"19"
100 1# - ENTRADA PRINCIPAL--NOMBRE DE PERSONA
Nombre de persona Cadenas, José Juan.
9 (RLIN) 33383
245 13 - MENCIÓN DEL TÍTULO
Título La tatarabuela
Resto del título : padrón de familia en tres actos /
Mención de responsabilidad, etc. José Juan Cadenas y Emilio González del Castillo ; dibujos de Garrán.
260 ## - PUBLICACIÓN, DISTRIBUCIÓN, ETC.
Lugar de publicación, distribución, etc. Madrid :
Nombre del editor, distribuidor, etc. Rivadeneyra,
Fecha de publicación, distribución, etc. 1928.
300 ## - DESCRIPCIÓN FÍSICA
Extensión 59 p. :
Otras características físicas il. ;
Dimensiones 17 cm.
490 1# - MENCIÓN DE SERIE
Mención de serie La Farsa ;
Designación de volumen o secuencia 69
500 ## - NOTA GENERAL
Nota general Estrenado en el Teatro Alkázar, de Madrid, el día 5 diciembre de 1928.
700 1# - ENTRADA AGREGADA--NOMBRE PERSONAL
Nombre de persona González del Castillo, Emilio.
9 (RLIN) 58580
700 1# - ENTRADA AGREGADA--NOMBRE PERSONAL
Nombre de persona Garran.
9 (RLIN) 185629
830 0# - PUNTO DE ACCESO ADICIONAL DE SERIE-TÍTULO UNIFORME
Título uniforme La Farsa ;
Designación de volumen o secuencia 69
9 (RLIN) 185863
852 ## - LOCALIZACIÓN
Ubicación ES-MaACL
Número de control de estantería C-13190
Holdings
Estatus retirado Estado de pérdida Estado de daño No para préstamo Biblioteca de origen Biblioteca actual Ubicación en estantería Fecha de adquisición Fuente de adquisición Total de préstamos Signatura topográfica completa Código de barras Visto por última vez Precio de reemplazo Tipo de ítem Koha
        Biblioteca del Ateneo de Madrid Biblioteca del Ateneo de Madrid Sala Palomar 17/01/2008     C-13190 1119886 23/02/2023 23/02/2023 Libro impreso